Development and Testing of Hydraulic Wind Turbine (Record no. 58552)
[ view plain ]
| 000 -LEADER | |
|---|---|
| fixed length control field | 00370nam a2200145Ia 4500 |
| 100 ## - MAIN ENTRY--AUTHOR NAME | |
| Personal name | 09ME07 |
| 100 ## - MAIN ENTRY--AUTHOR NAME | |
| Personal name | Asad Mustafa |
| 245 #0 - TITLE STATEMENT | |
| Title | Development and Testing of Hydraulic Wind Turbine |
| 260 ## - PUBLICATION, DISTRIBUTION, ETC. (IMPRINT) | |
| Name of publisher | QUEST |
| 260 ## - PUBLICATION, DISTRIBUTION, ETC. (IMPRINT) | |
| Year of publication | 2009 |
| 300 ## - PHYSICAL DESCRIPTION | |
| Number of Pages | 106 |
| 700 ## - ADDED ENTRY--PERSONAL NAME | |
| Personal name | Department of Mechanical Engineering |
| Withdrawn status | Lost status | Home library | Current library | Date acquired | Accession Number | Koha item type |
|---|---|---|---|---|---|---|
| Central Library, QUEST, Nawabshah | Research Section | 25/04/2018 | MEP/23-277 | Thesis and Dissertation |